The problem of knowledge : (Record no. 31716)

000 -LEADER
fixed length control field 00442nam a22001577a 4500
008 - FIXED-LENGTH DATA ELEMENTS--GENERAL INFORMATION
fixed length control field 230721b |||||||| |||| 00| 0 eng d
020 ## - INTERNATIONAL STANDARD BOOK NUMBER
International Standard Book Number 9780140135473
050 ## - LIBRARY OF CONGRESS CALL NUMBER
Classification number BD 161 .A94 1990
100 ## - MAIN ENTRY--PERSONAL NAME
Personal name Ayer, A.
245 ## - TITLE STATEMENT
Title The problem of knowledge :
Statement of responsibility, etc. A.J. Ayer.
260 ## - PUBLICATION, DISTRIBUTION, ETC. (IMPRINT)
Place of publication, distribution, etc. London:
Name of publisher, distributor, etc. Littlerock,
Date of publication, distribution, etc. 1990.
300 ## - PHYSICAL DESCRIPTION
Extent x,268p. ;
Dimensions 18 cm
500 ## - GENERAL NOTE
General note index.
650 ## - SUBJECT ADDED ENTRY--TOPICAL TERM
Source of heading or term Philosophy
942 ## - ADDED ENTRY ELEMENTS (KOHA)
Source of classification or shelving scheme
Koha item type Hard Covered Materials
Classification part BD 161 .A94 1990
Holdings
Withdrawn status Lost status Source of classification or shelving scheme Damaged status Not for loan Home library Current library Shelving location Date acquired Source of acquisition Total Checkouts Full call number Barcode Date last seen Date last checked out Price effective from Koha item type
          MACHAKOS UNIVERSITY LIBRARY MACHAKOS UNIVERSITY LIBRARY Reference 21/07/2023 Donation (falcon books) 9 BD 161 .A94 1990 39465 03/07/2023 17/06/2025 21/07/2023 Hard Covered Materials
© Machakos University Library, Along The Highway, Machakos Wote Rd, Machakos, Kenya P.O. Box 136 - 90100 Machakos - Kenya

Tel: ( +254 ) 723 805829 OR Fax : 044-20353 OR Email: library@mksu.ac.ke